Эффект Манделы - Statistics

General Stats
  • This quiz has been taken 69 times
  • The average score is 8 of 15
Answer Stats
Question Answer % Correct
Принцесса Диана рабилась на вертолёте Нет
73%
В телепередаче "Городок" когда-то был третий актёр Нет
70%
Владимир Зеленский вёл новогодний голубой огонёк на телеканале "Россия-1" Да
70%
В нулевых на Останкинской телебашне был пожар Да
66%
Квентин Тарантино при посещении России ездил на могилу Бориса Пастернака Да
61%
Ленин в молодости однажды участвовал в любительском шахматном турнире против Гитлера Нет
59%
Влада Листьева застрелили в подъезде его дома Да
58%
Ленин сверг власть Николая II Нет
56%
В 1917 году матросы брали штурмом Эрмитаж Нет
55%
Михаил Задорнов поздравлял жителей России с Новым годом вместо Бориса Ельцина Да
53%
Первое время в гимне России не было слов Да
47%
Баскетбол был изобретён в конце XIX века Да
44%
В девяностых два депутата госдумы обменивали себя на заложников в Будённовске Да
39%
4 ноября 1612 года народное ополчение Кузьмы Минина и Дмитрия Пожарского окончательно свергло власть польских интервентов Нет
38%
В 90-х проезд в московском метро одно время был полностью бесплатным Да
38%
No matching quizzes found
Score Distribution
Percent of People with Each Score
Percentile by Number Answered
Your Score History
You have not taken this quiz